Score 0/20 Timer 10:00
0 Plays Today
% Correct
Willy Wonka & the Chocolate Factory
93%
Harry Potter
86%
The Simpsons
84.8%
Back to the Future II
76%
King of the Hill
61.4%
Dodgeball: A True Underdog Story
60.8%
The Jetsons
57.9%
Die Hard
51.5%
Seinfeld
46.2%
Pulp Fiction
45.6%
% Correct
Parks and Recreation
38.6%
Wall-E
37.4%
Alien
34.5%
The Sopranos
31.6%
Doctor Who
24%
Who Framed Roger Rabbit
21.6%
Angel
19.9%
Step Brothers
18.7%
Arrow
14%
Monty Python's The Meaning of Life
11.7%
Remove Ads.
Support Sporcle.
Get the best of Sporcle when you Go Orange. This ad-free experience offers more features, more stats, and more fun while also helping to support Sporcle. Thank you for becoming a member.

You're not logged in!

Compare scores with friends on all Sporcle quizzes.
OR
Log In

Show Comments

Extras

Top Quizzes Today


Score Distribution

Your Account Isn't Verified!

In order to create a playlist on Sporcle, you need to verify the email address you used during registration. Go to your Sporcle Settings to finish the process.

Report this User

Report this user for behavior that violates our Community Guidelines.

Details: